00723nam a22001337a 4500003000400000020001800004082001300022100001500035245002300050260003000073300000800103650001700111653046100128SGT a9788131732212 a519, RAM aRAM, BABU aNUMERICAL METHODS  aNEW DELHIbPEARSON c2010 a447 aMATHEMATICS  aPRELIMINARIES 1 NONLINEAR EQUATIONS 11 EIGENVALUES 85 FINITE DIFFERENCES 122 CURVE FITTING 213 NUMERICAL DIFFERENTIATION 228 NUMERICAL QUADRATURE 252 DIFFERENCE EQUATIONS 288 PARTIAL DIFFERENTIAL 363 ELEMENTS OF C LANGUAGE 412 APPENDIX A-1 MODEL PAPER 1 A-11 MODEL PAPER 3 A18 A-18 MODEL PAPER 4 A28 A-28 MODEL PAPER 5 A38 A-38 BIBLIOGRAPHY A-53 ORDINARY DIFFERENTIAL 301 9 357 COPYRIGHT OTHER EDITIONS - VIEW ALL